| Tag |
First Indicator |
Second Indicator |
Subfields |
| LEADER |
00000nam a2200000Ia 4500 |
| 001 |
in00004178317 |
| 005 |
20200807085720.0 |
| 006 |
m g d |
| 007 |
cr bn |||a|bb| |
| 008 |
811120s1697 enk o 00| | eng d |
| 035 |
|
|
|a (OCoLC)7944288
|
| 040 |
|
|
|a UMI
|c UMI
|d m/c
|d UMI
|d WaOLN
|
| 037 |
|
|
|a CL0037000040
|b ProQuest Information and Learning. 300 N. Zeeb Rd., Ann Arbor, MI 48106
|
| 090 |
|
|
|a BX6330
|b .K43
|
| 049 |
|
|
|a UMIA
|
| 100 |
1 |
|
|a Keach, Benjamin,
|d 1640-1704.
|
| 245 |
1 |
2 |
|a A short confession of faith :
|b containing the substance of all the fundamental articles in the larger confession put forth by the elders of the Baptist churches, owning personal election and final perserverance.
|
| 260 |
|
|
|a London :
|b [publisher not identified,
|c 1697?]
|
| 300 |
|
|
|a 1 online resource ([7], 40 pages)
|
| 336 |
|
|
|a text
|b txt
|2 rdacontent
|
| 337 |
|
|
|a computer
|b c
|2 rdamedia
|
| 338 |
|
|
|a online resource
|b cr
|2 rdacarrier
|
| 500 |
|
|
|a Dedicatory signed: B. Keach.
|
| 500 |
|
|
|a Reproduction of original in the Union Theological Seminary Library, New York.
|
| 510 |
4 |
|
|a Wing
|c K86
|
| 533 |
|
|
|a Electronic reproduction.
|b Ann Arbor, Mich. :
|c UMI,
|d 1999-
|f (Early English books online)
|n Digital version of: (Early English books, 1641-1700 ; 1209:2)
|7 s1999 miun s
|
| 650 |
|
0 |
|a Baptists
|x Doctrines.
|
| 830 |
|
0 |
|a Early English books online.
|
| 856 |
4 |
0 |
|u http://proxy.library.tamu.edu/login?url=https://search.proquest.com/docview/2264215145
|z Connect to the full text of this electronic book
|t 0
|
| 999 |
f |
f |
|s 2091cc62-d030-36f0-8ff2-fb0adf0ca79b
|i f43d6a06-b6f9-3b29-8fdf-c221ca313273
|t 0
|
| 952 |
f |
f |
|a Texas A&M University
|b College Station
|c Electronic Resources
|d Available Online
|t 0
|e BX6330 .K43
|h Library of Congress classification
|
| 998 |
f |
f |
|a BX6330 .K43
|t 0
|l Available Online
|